00951nam a2200253I 45000010005000000030008000050050017000130080041000300200029000710350018001000400027001180410008001450820024001531000020001772450079001972600043002763000027003195000118003465040051004646500026005156500016005416500017005578560123005741655BD-RjUL20211208233400.01312 1974 1 eng u a0416807909 :a041680800X a(BD-RjUL)1682 cMIAdBOSaBD-RjULbeng aeng 222a128.2bSCA 19741 aScruton, Roger.1 aArt and imagination :bA study in the philosophy of mind /cRoger Scruton. aLondon :bMethuen & Col Ltd. ,cc1974. aviii, 256 p. ;c22 cm. a"A version of this work was presented as a doctoral dissertation to the University of Cambridge in October 1972." aIncludes bibliographical references and index. 0aJudgment (Aesthetics) 0aExperience. 0aImagination. uhttp://www.worldcat.org/title/art-and-imagination-a-study-in-the-philosophy-of-mind/oclc/1237849&referer=brief_results